Nebežme do Ameriky

Básnická skladba o sociálnych problémoch Slovákov, vysťahovalectve

Bibliographic Details
Main Author: Podhradský, Jozef, 1823-1915 (Author)
Format: Manuscript Book
Language:Slovak
PhysicalDescription:8 strán rukopis, voľné listy 34 cm
Vydané aj v tlačenej forme
Published: Belehrad 1913
Subjects:

MARC

LEADER 00000ntmaa2200000 a 4500
001 vtls012148035
003 SK-MaSNL
005 20260301105236.0
008 230802s1913 rb || 000 p slo
035 |a urn:nbn:sk:snk-tm00ibhv 
035 |a 2C317173-CF2F-4516-83C8-4DEA69840EBB 
040 |a SNKLA  |b slo  |c SNKLA  |e AACR2 
041 0 |a slo 
044 |a rb  |c RS 
072 7 |a 821.162.4-1  |x Slovenská poézia  |2 konspekt 
080 |a 025.171  |2 2011 
080 |a 314.15-026.49  |2 2011 
080 |a 364.6  |2 2011 
080 |a (=162.4)  |2 2011 
100 1 |a Podhradský, Jozef,  |d 1823-1915  |4 aut  |9 204900 
245 1 0 |a Nebežme do Ameriky  |c JozPodhradsky 
260 |a Belehrad  |c 1913 
300 |a 8 strán  |b rukopis, voľné listy  |c 34 cm 
500 |a Na začiatku motto - citát J. G. Fichteho 
520 2 |a Básnická skladba o sociálnych problémoch Slovákov, vysťahovalectve 
530 |a Vydané aj v tlačenej forme 
555 0 |a Inventár rukopisov Literárneho archívu Matice slovenskej XIV. Fondy 86 - 91. Martin : Matica slovenská 1985 
561 |a Okrúhla pečiatka: Literárny archív Matice slovenskej Martin 
650 0 7 |a emigrácia  |2 SNKPH  |9 3822 
650 0 7 |a sociálne problémy  |2 SNKPH  |9 4223 
650 0 7 |a Slováci  |2 SNKPH  |9 22552 
655 7 |a rukopisy  |2 SNKPH  |9 70548 
655 7 |a sociálna poézia  |2 SNKPH  |9 445203 
700 1 |a Fichte, Johann Gottlieb,  |d 1762-1814  |4 aqt  |9 111277 
787 0 8 |i Vydané v:  |t Slovenské pohľady  |g Roč. 33, č. 5 (1913), s. 294-299 
852 |a Slovenská národná knižnica  |b Literárny archív 
958 |a OF 
958 |a LAVD 
999 |c 700366  |d 702296 
952 |a SNKLA  |b SNKLA  |c SNKLA_DEP  |y NEVYP  |7 0  |p 17A1230484  |o snk91 A 46  |0 0  |1 0  |4 0  |d 2022-09-07  |f 1  |l 0  |r 2026-02-23 20:55:30  |w 2026-02-23